| 000 | 00457nam a2200169Ia 4500 | ||
|---|---|---|---|
| 999 |
_c9122 _d9122 |
||
| 003 | OSt | ||
| 005 | 20191224134054.0 | ||
| 008 | 190216s9999||||xx |||||||||||||| ||und|| | ||
| 040 | _coclc | ||
| 082 |
_a339 _bACK/M |
||
| 100 |
_aAckley, Gardner _9741 |
||
| 245 | 0 |
_aMacroeconomic Theory / _cGardner Ackley |
|
| 260 |
_bUbs Publishers, _aNew Delhi: |
||
| 300 | _a596p | ||
| 650 | _aEconomics | ||
| 942 |
_cBK _2ddc _h339 _iACK/M _k339 _mACK/M |
||